Concurso público : (Record no. 600)

MARC details
000 -LÍDER
Campo Fixo de Controle 00769nam a2200241 a 4500
001 - NÚMERO DE CONTROLE
Campo de Controle 600
003 - IDENTIFICAÇÃO DO NÚMERO DE CONTROLE
Campo de Controle BR-CuiBMT
005 - DATA E HORA DA ÚLTIMA ATUALIZAÇÃO
Campo de Controle 20231110141927.0
008 - DADOS FIXOS
Dados Fixos 231110s2008 rjb 000 0 por d
020 ## - INTERNATIONAL STANDARD BOOK NUMBER
Nº do ISBN 9788537503492
040 ## - AGÊNCIA CATALOGADORA
Código da Agência Catalogadora BR-CuiBMT
Agência que transcreveu o registro BR-CuiBMT
080 ## - Nº DA CLASSIFICAÇÃO DECIMAL UNIVERSAL
Nº edição CDU 2007
Nº Class. CDU 340.13
Subd. Auxiliar Comum (079)
090 ## - NÚMERO DE CHAMADA
Nº classificação 340.13(079)
Cutter T727c
100 1# - ENTRADA PRINCIPAL -- AUTOR PESSOAL
Nome pessoal Tourinho, Rita
245 10 - TÍTULO PRINCIPAL
Título principal Concurso público :
Subtítulo no ordenamento jurídico brasileiro /
Indicação de responsabilidade Rita Tourinho.
260 ## - PUBLICAÇÃO, DISTRIBUIÇÃO, ETC.
Local de publicação Rio de Janeiro :
Editora Lumen Juris,
Data c2008.
300 ## - DESCRIÇÃO FÍSICA
N. páginas ou volumes 215 p. ;
Dimensões 23 cm
504 ## - NOTA DE BIBLIOGRAFIA, ETC.
Nota de bibliografia Inclui bibliografia.
650 ## - ASSUNTO TÓPICO
Cabeçalho tópico ou nome geográfico Normas jurídicas
Subdivisão geral Concursos, testes, exames
650 ## - ASSUNTO TÓPICO
Cabeçalho tópico ou nome geográfico Ordenamento jurídico
Subdivisão geral Concursos, testes, exames
650 ## - ASSUNTO TÓPICO
Cabeçalho tópico ou nome geográfico Sistema jurídico
Subdivisão geral Concursos, testes, exames
942 ## - ELEMENTOS DE ENTRADA ADICIONAIS (KOHA)
Fonte de classificação ou esquema de arquivamento Classificação Decimal Universal
Tipo de item do Koha Livros
Holdings
Estado: removido Estado: perdido Fonte de classificação ou esquema de arquivamento Estado: danificado Indisponível para empréstimo Localização permanente Localização atual Data de aquisição Total Checkouts Número de Chamada completo Código de barras Date last seen Número do exemplar Preço efetivo a partir de Tipo de item (Koha)
    Classificação Decimal Universal     Biblioteca da Escola Superior de Contas do TCE/MT Biblioteca da Escola Superior de Contas do TCE/MT 10/11/2023   340.13(079) T727c BIBTCEMT23110414 10/11/2023 Ex. 1 10/11/2023 Livros

Powered by Koha